书目信息 |
| 题名: |
跨栏
|
|
| 作者: | 刘小沙 著 | |
| 分册: | ||
| 出版信息: | 天津 天津人民美术出版社 2016 |
|
| 页数: | 96页 | |
| 开本: | 23cm | |
| 丛书名: | 图说全民健身体育运动丛书 | |
| 单 册: | ||
| 中图分类: | G822.6 | |
| 科图分类: | ||
| 主题词: | 跨栏跑--基本知识 | |
| 电子资源: | ||
| ISBN: | 978-7-5305-7767-7 | |
| 000 | 00797oam2 2200253 450 | |
| 001 | 012001004578 | |
| 005 | 20140124163500.0 | |
| 010 | @a978-7-5305-7767-7@dCNY24.80 | |
| 100 | @a20180217d2016 em y0chiy50 ea | |
| 101 | 0 | @achi |
| 102 | @aCN@b120000 | |
| 105 | @aa z 000yy | |
| 106 | @ar | |
| 200 | 1 | @a跨栏@Akua lan@f刘小沙著 |
| 210 | @a天津@c天津人民美术出版社@d2016 | |
| 215 | @a96页@c彩图@d23cm | |
| 225 | 1 | @a图说全民健身体育运动丛书 |
| 330 | @a本书共分七章,内容包括:跨栏跑的历史、运动保护、跨栏跑的场地和装备、基本技术、跨栏跑的训练、跨栏跑技术训练步骤、比赛规则。 | |
| 410 | 0 | @12001 @a图说全民健身体育运动丛书 |
| 606 | 0 | @a跨栏跑@x基本知识 |
| 690 | @aG822.6@v5 | |
| 701 | 0 | @a刘小沙@Aliu xiao sha@4著 |
| 801 | 0 | @b江苏凤凰@c20191020 |
| 905 | @b1238962-7@dG822.6@e177@f6 | |
| 跨栏/刘小沙著.-天津:天津人民美术出版社,2016 |
| 96页:彩图;23cm.-(图说全民健身体育运动丛书) |
| ISBN 978-7-5305-7767-7:CNY24.80 |
| 本书共分七章,内容包括:跨栏跑的历史、运动保护、跨栏跑的场地和装备、基本技术、跨栏跑的训练、跨栏跑技术训练步骤、比赛规则。 |
| ● |
| 相关链接 |
|
|
|
|
正题名:跨栏
索取号:G822.6/177
 
预约/预借
| 序号 | 登录号 | 条形码 | 馆藏地/架位号 | 状态 | 备注 |
| 1 | 1238962 | 212389627 | 第一样本阅览室/ [索取号:G822.6/177] | 在馆 | |
| 2 | 1238963 | 212389636 | 教育系资料室/ [索取号:G822.6/177] | 在馆 | |
| 3 | 1238964 | 212389645 | 教育系资料室/ [索取号:G822.6/177] | 在馆 | |
| 4 | 1238965 | 212389654 | 教育系资料室/ [索取号:G822.6/177] | 在馆 | |
| 5 | 1238966 | 212389663 | 第四借阅区/ [索取号:G822.6/177] | 在馆 | |
| 6 | 1238967 | 212389672 | 第四借阅区/ [索取号:G822.6/177] | 在馆 |